Every Song by Electric Callboy - Statistics

General Stats
  • This quiz has been taken 36 times
  • The average score is 29 of 79
Answer Stats
Album Song % Correct
Tekkno(2022) We Got the Moves
100%
Tekkno(2022) Tekkno Train
88%
Rehab(2019) Hypa Hypa
84%
Tekkno(2022) Pump It
84%
Crystals(2015) Crystals
81%
Rehab(2019) Rehab
78%
Tekkno(2022) Hurrikan
75%
Tekkno(2022) Spaceman
75%
The Scene(2017) The Scene
72%
Tekkno(2022) Arrow of Love
69%
Tekkno(2022) Parasite
69%
The Scene(2017) MC Thunder
63%
Tekkno(2022) Neon
63%
Tekkno(2022) Fuckboi
59%
Rehab(2019) MC Thunder II (Dancing Like A Ninja)
59%
Tekkno(2022) Mindreader
59%
Bury Me in Vegas(2012) Bury Me In Vegas
56%
Rehab(2019) Hate / Love
53%
Rehab(2019) Supernova
53%
Crystals(2015) My Own Summer
50%
Rehab(2019) Prism
50%
We Are the Mess(2014) We Are the Mess
47%
Rehab(2019) Hurricane
44%
Crystals(2015) Best Day
38%
Bury Me in Vegas(2012) Muffin Purper-Gurk
38%
Rehab(2019) Nice Boi
38%
The Scene(2017) Back in the Bizz
34%
Rehab(2019) Disbeliever
34%
The Scene(2017) VIP
34%
The Scene(2017) X
34%
Crystals(2015) Baby (T.U.M.H.)
31%
Bury Me in Vegas(2012) Is Anyone Up?
31%
Rehab(2019) Take Me To
31%
Crystals(2015) Kill Your Idols
28%
Rehab(2019) Lost
28%
The Scene(2017) Nightlife
28%
Rehab(2019) Okay
28%
Bury Me in Vegas(2012) Snow Covered Polaroids
28%
Crystals(2015) 2 Fat 2 Furious
25%
The Scene(2017) Banshee
25%
The Scene(2017) Calling
25%
We Are the Mess(2014) CSTRP
25%
Bury Me in Vegas(2012) Internude
25%
Rehab(2019) It's Going Down
25%
Crystals(2015) Monster
25%
The Scene(2017) New Age
25%
Crystals(2015) Paradise in Hell
25%
We Are the Mess(2014) Party at the Horror House
25%
Crystals(2015) Pitch Blease
25%
Crystals(2015) Ritual
25%
The Scene(2017) Rooftop
25%
The Scene(2017) Shallows
25%
The Scene(2017) The Devil Within
25%
Bury Me in Vegas(2012) The Kerosene Dance
25%
Bury Me in Vegas(2012) Transilvanian Cunthunger
25%
Bury Me in Vegas(2012) 5$ Bitchcore
22%
We Are the Mess(2014) Broadway's Gonna Kill Us
22%
Eskimo Callboy(2010) Intro
22%
Bury Me in Vegas(2012) Legendary Sleeping Assault
22%
Bury Me in Vegas(2012) Light the Skyline
22%
Rehab(2019) Made by America
22%
We Are the Mess(2014) RXL
22%
We Are the Mess(2014) Voodoo Circus
22%
Crystals(2015) Walk on the Thin Line
22%
Bury Me in Vegas(2012) Wonderbra Boulevard
22%
We Are the Mess(2014) Blood Red Lips
19%
Crystals(2015) Closure
19%
We Are the Mess(2014) #elchtransformer
19%
Crystals(2015) F.D.M.D.H.
19%
We Are the Mess(2014) Final Dance
19%
The Scene(2017) Frances
19%
We Are the Mess(2014) Ghosts of the Night
19%
Eskimo Callboy(2010) Hey Mrs. Dramaqueen
19%
We Are the Mess(2014) Jagger Swagger
19%
Eskimo Callboy(2010) Monsieur Moustache Vs. Clitcat
19%
Eskimo Callboy(2010) Outro
19%
We Are the Mess(2014) Never Let You Know
16%
Eskimo Callboy(2010) Antichrist Sex Pornstyle
13%
Eskimo Callboy(2010) Prom Night
13%
No matching quizzes found
Score Distribution
Percent of People with Each Score
Percentile by Number Answered
Your Score History
You have not taken this quiz